| 000 | 00620nam a2200217Ii 4500 | ||
|---|---|---|---|
| 001 | 13862 | ||
| 003 | CO-ViMGA | ||
| 008 | 241108s9999||||xx |||||||||||||| ||und|| | ||
| 020 | _a9588089123 | ||
| 040 |
_aCO-ViMGA _bspa _erda _cCO-ViMGA |
||
| 041 | 0 | _aspa | |
| 082 | 0 | 4 | _aCo863.6 - G17c |
| 100 | 1 |
_aGabriel García Márquez _947149 |
|
| 245 | 1 | 0 | _aCien años de soledad |
| 264 | 1 | _aMadrid, España : Printer Colombiana, 2001 | |
| 300 | _avolumen | ||
| 336 |
_atext _btxt _2rdacontent |
||
| 337 |
_aunmediated _bn _2rdamedia |
||
| 338 |
_avolume _bnc _2rdacarrier |
||
| 940 | _aidficha_siabuc: 13561. -- ficha_no_siabuc:13862 | ||
| 999 |
_c41729 _d41729 |
||